|
|
|
|
| LEADER |
00665cam a2200193 7i4500 |
| 001 |
0000021714 |
| 005 |
20081023090000.0 |
| 020 |
0 |
0 |
|a 1511-3892
|
| 090 |
0 |
0 |
|a M 381.1025
|b MAL
|
| 110 |
2 |
0 |
|a Malaysia External Trade Development Corporation [MATRADE]
|
| 245 |
2 |
0 |
|a Malaysia conventions & exhibitions :
|b 2007.
|
| 250 |
0 |
0 |
|a March 2007 ed.
|
| 260 |
0 |
0 |
|a Kuala Lumpur:
|b MATRADE,
|c 2007.
|
| 300 |
# |
# |
|a 55 p.
|
| 650 |
0 |
0 |
|a Exhibitions --
|x Directories --
|z Malaysia
|
| 650 |
0 |
0 |
|a Conventions --
|x Directories --
|z Malaysia
|
| 651 |
0 |
0 |
|a Malaysia
|
| 999 |
|
|
|a 0000022460
|b Book
|c Malaysia
|e Business Information Centre
|
| 999 |
|
|
|a 0000019819
|b Book
|c Malaysia
|e Business Information Centre
|